00816cam a2200205 a 450000100100000000500170001000800410002702000150006804000230008308200170010610000210012324501040014426000800024830000280032849000790035650400310043565100260046665000390049283000790053100000563320200929151728.0890512s1989 mnua b 001 0 spa  a1877660000 aDO-SdBNPcDLCdDLC a985.01bZ35g1 aZapata, Roger A.10aGuamán Poma, indigenismo y estética de la dependencia en la cultura peruana /cRoger A. Zapata. aMinneapolis :bInstitute for the Study of Ideologies and Literature,c1989. a218 p. :bil. ;c21 cm.1 aSeries Towards a Social History of Hispanic and Luso-Brazilian Literatures aBibliografías [205]-218. 4aPeruxHistoriay1820. 4aIndigenas de america del surzPeru 0aSeries Towards a Social History of Hispanic and Luso-Brazilian Literatures